| 000 | 00494nam a2200145 a 4500 | ||
|---|---|---|---|
| 001 | 000039060 | ||
| 005 | 20201002031458.0 | ||
| 008 | 130517s1998 dr 000 0 spa d | ||
| 040 |
_aDO-SdBNP _bspa _cBNPHU |
||
| 100 | 1 |
_aFlores Santana, Juan Antonio _916066 |
|
| 245 | 1 | 0 |
_aVive y defiende tu fe católica : _bexposición de las verdades atacadas por las sectas / _cJuan Antonio Flores Santana. |
| 250 | _a2a ed. | ||
| 260 |
_aSanto Domingo : _bEdiciones MSC, _c1998. |
||
| 300 |
_a256 P. ; _c23 cm. |
||
| 999 |
_c38550 _d38550 |
||